[Event "Campinas IRT 1st"]
[Site "Campinas"]
[Date "2007.04.11"]
[Round "4"]
[White "De Sousa, Matheus Mazim"]
[Black "Hermenegildo, Adriano"]
[Result "1-0"]
[WhiteElo "1825"]
[BlackElo "2028"]
[PlyCount "95"]
[EventDate "2007.04.11"]
[EventType "tourn"]
[EventRounds "18"]
[EventCountry "BRA"]
[SourceTitle "EXT 2022"]
[Source "ChessBase"]
[SourceDate "2021.10.06"]
[SourceVersion "1"]
[SourceVersionDate "2021.10.06"]
[SourceQuality "1"]

1. d4 Nf6 2. c4 g6 3. Nc3 d5 4. Bf4 Bg7 5. e3 0-0 6. Nf3 c5 7. dxc5 Qa5 8. Be2 Ne4 9. cxd5 Nxc3 10. Qd2 Qxc5 11. Rc1 Qxd5 12. bxc3 Qxd2+ 13. Nxd2 Nc6 14. 0-0 e5 15. Bg5 Be6 16. Bc4 Bxc4 17. Nxc4 h6 18. Bh4 g5 19. Bg3 f5 20. f3 Rfd8 21. Rfd1 f4 22. Bf2 b5 23. Nd6 a6 24. Nb7 Rxd1+ 25. Rxd1 Rb8 26. Rd7 Bf8 27. e4 b4 28. cxb4 Bxb4 29. h3 Nd4 30. Bxd4 exd4 31. Kf1 Kf8 32. Rd8+ Rxd8 33. Nxd8 Ke8 34. Nc6 Bc5 35. Ke2 Kd7 36. Nb8+ Kc8 37. Nxa6 Bd6 38. Kd3 Kb7 39. Kxd4 Kxa6 40. Kd5 Bf8 41. e5 Kb6 42. Ke6 Kc6 43. Kf7 Bc5 44. a4 Kd7 45. e6+ Kd8 46. a5 Bd6 47. a6 Bc5 48. e7+ 1-0

[Event "Campinas IRT 1st"]
[Site "Campinas"]
[Date "2007.04.11"]
[Round "11"]
[White "Hermenegildo, Adriano"]
[Black "De Sousa, Lucas Mazim"]
[Result "1-0"]
[WhiteElo "2028"]
[BlackElo "1717"]
[PlyCount "79"]
[EventDate "2007.04.11"]
[EventType "tourn"]
[EventRounds "18"]
[EventCountry "BRA"]
[SourceTitle "EXT 2022"]
[Source "ChessBase"]
[SourceDate "2021.10.06"]
[SourceVersion "1"]
[SourceVersionDate "2021.10.06"]
[SourceQuality "1"]

1. d4 Nf6 2. c4 g6 3. Nf3 Bg7 4. Nc3 d5 5. cxd5 Nxd5 6. e3 Nxc3 7. bxc3 c5 8. Bc4 0-0 9. 0-0 Bg4 10. h3 Bxf3 11. Qxf3 Nc6 12. Bd5 Rc8 13. Rb1 Qc7 14. Ba3 b6 15. dxc5 bxc5 16. Bxc6 Qxc6 17. Qxc6 Rxc6 18. Rb7 e6 19. Rxa7 Bxc3 20. Rc1 Be5 21. Rxc5 Rxc5 22. Bxc5 Rc8 23. Ra5 Rb8 24. f4 Rb1+ 25. Kf2 Bc3 26. Ra8+ Kg7 27. a4 Ra1 28. Bd4+ Bxd4 29. exd4 f5 30. a5 h6 31. a6 g5 32. fxg5 hxg5 33. a7 Ra2+ 34. Ke3 Ra3+ 35. Kd2 Ra2+ 36. Kc3 Ra3+ 37. Kb4 Ra1 38. Kc5 Rc1+ 39. Kd6 Ra1 40. Kxe6 1-0

[Event "Campinas IRT 1st"]
[Site "Campinas"]
[Date "2007.04.11"]
[Round "13"]
[White "Hermenegildo, Adriano"]
[Black "De Sousa, Matheus Mazim"]
[Result "1/2-1/2"]
[WhiteElo "2028"]
[BlackElo "1825"]
[PlyCount "74"]
[EventDate "2007.04.11"]
[EventType "tourn"]
[EventRounds "18"]
[EventCountry "BRA"]
[SourceTitle "EXT 2022"]
[Source "ChessBase"]
[SourceDate "2021.10.06"]
[SourceVersion "1"]
[SourceVersionDate "2021.10.06"]
[SourceQuality "1"]

1. d4 e6 2. Nf3 f5 3. c4 Nf6 4. Nc3 Be7 5. Bg5 Ne4 6. Bxe7 Qxe7 7. Qc2 Nxc3 8. Qxc3 0-0 9. e3 d6 10. Be2 b6 11. 0-0 Bb7 12. c5 Be4 13. Rfd1 Nd7 14. b4 Qf6 15. Rac1 Qg6 16. a4 a5 17. cxb6 cxb6 18. b5 Nf6 19. Qc7 d5 20. Qxb6 Ng4 21. h3 Nh6 22. Rc6 Rf6 23. Qc7 Raf8 24. Qb6 Nf7 25. Kh2 Bxf3 26. Bxf3 Ng5 27. Qc7 f4 28. exf4 Nxf3+ 29. gxf3 Rxf4 30. Rg1 Qf6 31. Qd7 Rxf3 32. Qxe6+ Qxe6 33. Rxe6 Ra3 34. Rd6 Rxf2+ 35. Rg2 Rxg2+ 36. Kxg2 Rxa4 37. Rxd5 Rb4 1/2-1/2

[Event "Campinas IRT 1st"]
[Site "Campinas"]
[Date "2007.04.11"]
[Round "7"]
[White "Hermenegildo, Adriano"]
[Black "Hengles, Roberto Carlos"]
[Result "1/2-1/2"]
[WhiteElo "2028"]
[BlackElo "1944"]
[PlyCount "69"]
[EventDate "2007.04.11"]
[EventType "tourn"]
[EventRounds "18"]
[EventCountry "BRA"]
[SourceTitle "EXT 2022"]
[Source "ChessBase"]
[SourceDate "2021.10.06"]
[SourceVersion "1"]
[SourceVersionDate "2021.10.06"]
[SourceQuality "1"]

1. e4 d5 2. exd5 Qxd5 3. Nc3 Qa5 4. d4 Nf6 5. Nf3 Nc6 6. Be2 Bg4 7. 0-0 0-0-0 8. Be3 e5 9. Nb5 Bxf3 10. gxf3 exd4 11. Bg5 a6 12. a4 Bc5 13. f4 Rhe8 14. Bd3 Nb4 15. Bf5+ Kb8 16. Na3 Ba7 17. Bd3 Nxd3 18. Qxd3 Qxa4 19. Nc4 Qd7 20. Na5 Qb5 21. Nc4 h6 22. Ra5 Qc6 23. Ne5 Qe4 24. Qxe4 Nxe4 25. Bxd8 Rxd8 26. Nxf7 Rf8 27. Ne5 Rxf4 28. Nd3 Rf8 29. Re1 b6 30. Rxa6 Nf6 31. Re7 g5 32. Rxa7 Kxa7 33. Rxc7+ Ka6 34. Rc6 Kb5 35. Rd6 1/2-1/2